00342nam a2200133 a 45000010010000000030011000100080041000210350026000620820015000881000014001032450027001172600053001446500011001970000-8837ELIB.Books110520 2006  a(ELIB.Books)0000-8983 aB.Th bHte aHtet, Saw aThree Vital men of God bInsein: Karen Baptist Theolgical Seminary c2006 aThesis